Performance of potential ortet selections of Hevea adapted to the low winter temperature of Sub-Himalayan West Bengal and Assam (Record no. 64758)

MARC details
000 -LEADER
fixed length control field 00643nam a2200193Ia 4500
100 ## - MAIN ENTRY--AUTHOR NAME
Personal name Das G
245 #0 - TITLE STATEMENT
Title Performance of potential ortet selections of Hevea adapted to the low winter temperature of Sub-Himalayan West Bengal and Assam
260 ## - PUBLICATION, DISTRIBUTION, ETC. (IMPRINT)
Name of publisher PLACROSYM XIX, 7-10 December 2010, Kottayam. Climate Change. 19th Biennial Symposium on Plantation Crops. Abstracts.pp.53-54.
650 ## - SUBJECT ADDED ENTRY--TOPICAL TERM
Topical Term Clone
650 ## - SUBJECT ADDED ENTRY--TOPICAL TERM
Topical Term Growth
650 ## - SUBJECT ADDED ENTRY--TOPICAL TERM
Topical Term Ortet
650 ## - SUBJECT ADDED ENTRY--TOPICAL TERM
Topical Term Polycross progeny
650 ## - SUBJECT ADDED ENTRY--TOPICAL TERM
Topical Term Selection
700 ## - ADDED ENTRY--PERSONAL NAME
Personal name Chaudhuri D
700 ## - ADDED ENTRY--PERSONAL NAME
Personal name Mondal G C
700 ## - ADDED ENTRY--PERSONAL NAME
Personal name Mydin K K
942 ## - ADDED ENTRY ELEMENTS (KOHA)
Koha item type Journals
Holdings
Withdrawn status Lost status Damaged status Not for loan Home library Current library Date acquired Koha item type
      Journals RRII Library RRII Library 27/01/2011 Journals